| 000 | 00789nam a2200181Ia 4500 | ||
|---|---|---|---|
| 008 | 151202s9999||||xx |||||||||||||| ||und|| | ||
| 082 | _bPNVM-42378 | ||
| 100 | _aसुब्रह्मणम चित्रा-अनु.वाळिंबे वि.स. | ||
| 245 | _aभारत विकणे आहे. | ||
| 260 | _b"मेहता पब्लिशींग हाऊस, पुणे." | ||
| 260 | _c1998 | ||
| 300 | _a154 | ||
| 600 | _aसुब्रह्मणम चित्रा-अनु.वाळिंबे वि.स. | ||
| 630 | _aभारत विकणे आहे. | ||
| 700 | _aसुब्रह्मणम चित्रा-अनु.वाळिंबे वि.स. | ||
| 730 | _aभारत विकणे आहे. | ||
| 942 | _cBOOK | ||
| 999 |
_c1308330 _d1308327 |
||